000 00483nam a2200181Ia 4500
005 20250326124043.0
008 250326s9999 xx 000 0 und d
037 _aTextbook
040 _aFMSL
_beng
_cFMSL
041 _aeng
_2eng
084 _aX.2.N8 M4
_qFMSL
100 _aMongia J N
245 0 _aIndia's economic policies
_cMongia J N
260 _aNew Delhi
_bNew Delhi, Allied
_c1984
300 _a990p
942 _cTB
_hX.2.N8 M4
999 _c1272072
_d1272072